[Event "23rd Hoogeveen Open 2019"]
[Site "Hoogeveen"]
[Date "2019.10.21"]
[Round "3.34"]
[White "Pekin, Tolgay"]
[Black "Merkon, Oseb"]
[Result "1/2-1/2"]
[WhiteElo "2083"]
[BlackElo "1930"]
[Annotator "NA RC"]
[PlyCount "99"]
[EventDate "2019.10.19"]
[EventType "swiss"]
[EventCountry "NED"]
[SourceTitle "playchess.com"]
[Source "ChessBase"]
[SourceQuality "1"]
[TimeControl "40/5400+30:1800+30"]

1. e4 {[%emt 0:06:00]} c5 {[%emt 0:00:00]} 2. Nf3 {[%emt 0:00:05]} Nc6 {[%emt 0:00:09]} 3. Bb5 {[%emt 0:00:20]} g6 {[%emt 0:00:05]} 4. Bxc6 {[%emt 0:00:06]} dxc6 {[%emt 0:00:02]} 5. d3 {[%emt 0:00:16]} Bg7 {[%emt 0:00:05]} 6. h3 {[%emt 0:00:07]} Nf6 {[%emt 0:01:44]} 7. Nc3 {[%emt 0:01:05]} Nd7 {[%emt 0:00:20]} 8. Be3 {[%emt 0:00:33]} e5 {[%emt 0:00:25]} 9. Qd2 {[%emt 0:00:28]} h6 {[%emt 0:00:07] B31: Sicilian: 2...Nc6 3 Bb5 g6} 10. O-O {[%emt 0:00:38]} b6 {[%emt 0:00:26]} 11. Nh2 {[%emt 0:00:45]} g5 {[%emt 0:07:34]} (11... Nf6 12. a3 Be6 13. b4 Nd5 14. exd5 cxd5 15. Qe1 d4 16. Bd2 dxc3 17. Bxc3 {½-½ (33) Dominguez Perez,L (2763)-Abasov,N (2632) Khanty-Mansiysk 2019}) 12. Ne2 {[%emt 0:01:40]} Nf8 {[%emt 0:00:38]} 13. Ng3 {[%emt 0:01:10]} Ne6 {[%emt 0:02:03]} 14. Nh5 $146 {[%emt 0:01:23]} ({Predecessor:} 14. Nf5 Bf8 15. c3 Ba6 16. Ng4 f6 17. f3 {1-0 (47) Djurovic,G (2328)-Kozul,Z (2595) Zadar 2010}) 14... O-O {[%emt 0:03:22]} 15. Ng4 {[%emt 0:06:19]} Nf4 {[%emt 0:06:38]} 16. Nxg7 {[%emt 0:10:10]} Bxg4 {[%emt 0:00:36]} 17. hxg4 {[%emt 0:11:26]} Kxg7 {[%emt 0:00:07]} 18. g3 {[%emt 0:02:54]} Ne6 {[%emt 0:08:59]} 19. Kg2 {[%emt 0:05:32]} Qe7 {[%emt 0:07:30]} 20. f3 {[%emt 0:11:47]} Rad8 {[%emt 0:03:43]} 21. Qf2 {[%emt 0:00:44]} f6 {[%emt 0:17:19]} 22. a4 {[%emt 0:01:26]} a5 {[%emt 0:08:10]} 23. f4 {[%emt 0:01:32]} exf4 {[%emt 0:04:25]} 24. gxf4 {[%emt 0:00:11]} Nxf4+ {[%emt 0:02:08]} 25. Bxf4 {[%emt 0:00:05]} gxf4 {[%emt 0:00:03]} 26. Qxf4 {[%emt 0:00:55]} Qe5 {[%emt 0:12:30]} 27. Qxe5 {[%emt 0:01:05]} fxe5 {[%emt 0:00:02]} 28. Rf5 {[%emt 0:00:07]} c4 {[%emt 0:01:33]} 29. Ra3 {[%emt 0:10:38]} Rd4 {[%emt 0:06:25]} 30. Kf3 {[%emt 0:08:09]} cxd3 {[%emt 0:01:03]} 31. cxd3 {[%emt 0:02:01]} Rfd8 {[%emt 0:00:20]} 32. Ke3 {[%emt 0:00:28]} Rb4 {[%emt 0:00:31]} 33. Rxe5 {[%emt 0:04:09]} Rxb2 {[%emt 0:00:01]} 34. Rc3 {[%emt 0:01:56]} c5 {[%emt 0:00:21]} 35. Re7+ {[%emt 0:00:49]} Kf6 {[%emt 0:00:57]} 36. Rb7 {[%emt 0:00:22]} Rb4 {[%emt 0:00:57]} 37. Kf4 {[%emt 0:01:28]} Rd6 {[%emt 0:03:00]} 38. Rc4 {[%emt 0:02:38]} Rxd3 {[%emt 0:03:42]} 39. Rxb4 {[%emt 0:00:09]} axb4 {[%emt 0:00:11]} 40. Rxb6+ {[%emt 0:00:09]} Kg7 {[%emt 0:01:05]} 41. Rb5 {[%emt 0:34:04]} Ra3 {[%emt 0:09:35]} 42. Rxc5 {[%emt 0:00:00]} Rxa4 {[%emt 0:00:02]} 43. Rb5 {[%emt 0:00:00]} Ra1 {[%emt 0:02:31]} 44. Rxb4 {[%emt 0:00:00]} Rf1+ {[%emt 0:00:21]} 45. Ke3 {[%emt 0:00:00]} Kf6 {[%emt 0:05:11]} 46. Rb8 {[%emt 0:00:00]} Re1+ {[%emt 0:01:02]} 47. Kf3 {[%emt 0:00:00]} Rf1+ {[%emt 0:00:07]} 48. Ke2 {[%emt 0:00:00]} Rf4 {[%emt 0:03:30]} 49. Rf8+ {[%emt 0:00:00]} Ke5 {[%emt 0:00:04]} 50. Rxf4 $11 {[%emt 0:00:00]} 1/2-1/2

[Event "23rd Hoogeveen Open 2019"]
[Site "Hoogeveen"]
[Date "2019.10.21"]
[Round "4.1"]
[White "Sindarov, Javokhir"]
[Black "Schoppen, Casper"]
[Result "1-0"]
[WhiteElo "2513"]
[BlackElo "2508"]
[Annotator "TA"]
[PlyCount "45"]
[EventDate "2019.10.19"]
[EventType "swiss"]
[EventCountry "NED"]
[SourceTitle "playchess.com"]
[Source "ChessBase"]
[SourceQuality "1"]

{[%evp 20,45,32,18,20,18,22,8,0,0,2,-3,0,0,7,11,40,0,31,30,87,97,85,102,5743,5783,5414,5397]} 1. e4 c5 2. Nf3 Nc6 3. d4 cxd4 4. Nxd4 Nf6 5. Nc3 e5 6. Ndb5 d6 7. Bg5 a6 8. Na3 b5 9. Nd5 Be7 10. Bxf6 Bxf6 11. c4 b4 {B33: Sicilian: Pelikan and Sveshnikov Variations} 12. Nc2 O-O 13. g3 a5 {The position is equal.} (13... Bg5 14. Bg2 a5 15. O-O Ne7 16. Nce3 Bxe3 17. Nxe3 Be6 18. b3 Ra7 19. Qd3 {½-½ (52) Nepomniachtchi,I (2776)-Yu,Y (2763) Khanty-Mansiysk 2019}) 14. h4 Be6 15. Bh3 g6 16. h5 Bg5 17. Kf1 a4 $146 ({Predecessor:} 17... Ra7 18. Qd3 Qc8 19. Kg2 f5 20. Rh2 f4 21. gxf4 Bxf4 22. Nxf4 exf4 23. Bxe6+ Qxe6 {½-½ (31) Pugh,J (2465)-Walczak,P (2485) ICCF email 2015}) 18. hxg6 {[#] And now Bxe6 would win.} ({But not} 18. Ncxb4 Bxh3+ 19. Rxh3 Nxb4 $15) (18. Kg2 {with more complications.} b3 19. axb3 axb3 20. Rxa8 Qxa8 21. Nce3) 18... hxg6 19. Kg2 b3 (19... Kg7 $11 {remains equal.}) 20. axb3 $16 axb3 21. Rxa8 Bxh3+ $2 {[%mdl 8192] [#]} (21... Qxa8 $16 22. Nce3 Qd8) 22. Rxh3 $18 Qxa8 23. Qh1 1-0

[Event "23rd Hoogeveen Open 2019"]
[Site "Hoogeveen"]
[Date "2019.10.21"]
[Round "4.2"]
[White "Akash, Ganesan"]
[Black "Basso, Pier Luigi"]
[Result "1-0"]
[WhiteElo "2449"]
[BlackElo "2575"]
[Annotator "ChessBase"]
[PlyCount "115"]
[EventDate "2019.10.19"]
[EventType "swiss"]
[EventCountry "NED"]
[SourceTitle "playchess.com"]
[Source "ChessBase"]
[SourceQuality "1"]
[TimeControl "40/5400+30:1800+30"]

1. e4 {[%emt 0:00:27]} g6 {[%emt 0:20:25]} 2. d4 {[%emt 0:00:17]} Bg7 {[%emt 0:00:45]} 3. Nc3 {[%emt 0:00:09]} c6 {[%emt 0:00:05]} 4. Nf3 {[%emt 0:00:20]} d5 {[%emt 0:00:04]} 5. h3 {[%emt 0:00:10]} Nf6 {[%emt 0:00:05]} 6. Bd3 {[%emt 0:00:56]} c5 {[%emt 0:00:09]} 7. dxc5 {[%emt 0:17:07]} dxe4 {[%emt 0:00:07]} 8. Nxe4 {[%emt 0:01:59]} Nxe4 {[%emt 0:00:04]} 9. Bxe4 {[%emt 0:00:09]} Nd7 {[%emt 0:00:03]} 10. c6 {[%emt 0:03:12]} bxc6 {[%emt 0:00:07]} 11. O-O {[%emt 0:01:33]} Qc7 {[%emt 0:03:09]} 12. c3 {[%emt 0:05:24]} O-O {[%emt 0:04:59]} 13. Re1 {[%emt 0:14:05]} Nc5 {[%emt 0:07:38]} 14. Bc2 {[%emt 0:04:21]} Ba6 {[%emt 0:02:00]} 15. Be3 {[%emt 0:00:58]} Rad8 {[%emt 0:01:24]} 16. Qc1 {[%emt 0:01:04]} Nd3 {[%emt 0:01:15]} 17. Bxd3 {[%emt 0:00:05]} Rxd3 {[%emt 0:01:05]} 18. Bf4 {[%emt 0:05:30]} Qb7 {[%emt 0:02:50]} 19. Bh6 {[%emt 0:01:42]} e6 {[%emt 0:09:03]} 20. Bxg7 {[%emt 0:02:07]} Kxg7 {[%emt 0:00:43]} 21. Ne5 {[%emt 0:03:16]} Rdd8 {[%emt 0:04:22]} 22. Ng4 {[%emt 0:02:10]} Qe7 {[%emt 0:01:45]} 23. Qe3 {[%emt 0:04:43]} Bc8 {[%emt 0:02:24]} 24. Ne5 {[%emt 0:02:13]} Qb7 {[%emt 0:05:34]} 25. b4 {[%emt 0:00:57]} f6 {[%emt 0:01:25]} 26. Nc4 {[%emt 0:00:59]} Rd5 {[%emt 0:00:47]} 27. Na5 {[%emt 0:01:11]} Qd7 {[%emt 0:02:09]} 28. c4 {[%emt 0:02:54]} Re5 {[%emt 0:01:56]} 29. Red1 {[%emt 0:08:07]} Qc7 {[%emt 0:06:54]} 30. Qc3 {[%emt 0:02:06]} c5 {[%emt 0:00:13]} 31. b5 {[%emt 0:00:14]} Bb7 {[%emt 0:00:42]} 32. Nxb7 {[%emt 0:04:44]} Qxb7 {[%emt 0:00:35]} 33. Qf3 {[%emt 0:00:27]} Qxf3 {[%emt 0:04:00]} 34. gxf3 {[%emt 0:00:09]} Re2 {[%emt 0:00:05]} 35. a4 {[%emt 0:02:20]} Rf7 {[%emt 0:03:38]} 36. a5 {[%emt 0:00:49]} Rb2 {[%emt 0:01:40]} 37. a6 {[%emt 0:02:10]} Kh6 {[%emt 0:07:16]} 38. Rd6 {[%emt 0:00:41]} Rf8 {[%emt 0:00:06]} 39. Rd7 {[%emt 0:00:51]} Ra8 {[%emt 0:00:02]} 40. Rc7 {[%emt 0:00:52]} Kg5 {[%emt 0:01:57]} 41. Rxc5+ {[%emt 0:30:59]} Kf4 {[%emt 0:30:01]} 42. Kg2 {[%emt 0:00:53]} Rd8 {[%emt 0:00:08]} 43. Rc7 {[%emt 0:02:24]} Rd3 {[%emt 0:00:51]} 44. Rxh7 {[%emt 0:03:22]} g5 {[%emt 0:00:23]} 45. Rxa7 {[%emt 0:00:00]} Rxf3 {[%emt 0:00:00]} 46. Rf1 {[%emt 0:00:00]} Rg3+ {[%emt 0:00:00]} 47. Kh2 {[%emt 0:00:00]} Ra3 {[%emt 0:00:00]} 48. Rd7 {[%emt 0:00:00]} e5 {[%emt 0:00:00]} 49. Rdd1 {[%emt 0:00:00]} g4 {[%emt 0:00:00]} 50. hxg4 {[%emt 0:00:00]} Kxg4 {[%emt 0:00:00]} 51. Ra1 {[%emt 0:00:00]} Rh3+ {[%emt 0:00:00]} 52. Kg1 {[%emt 0:00:00]} Rh8 {[%emt 0:00:00]} 53. a7 {[%emt 0:00:00]} Ra8 {[%emt 0:00:00]} 54. Rfb1 {[%emt 0:00:00]} Rc2 {[%emt 0:00:00]} 55. b6 {[%emt 0:00:00]} Kh3 {[%emt 0:00:00]} 56. Ra3+ {[%emt 0:00:00]} Kh4 {[%emt 0:00:00]} 57. b7 {[%emt 0:00:00]} Rg8+ {[%emt 0:00:00]} 58. Rg3 {[%emt 0:00:00]} 1-0

[Event "23rd Hoogeveen Open 2019"]
[Site "Hoogeveen"]
[Date "2019.10.21"]
[Round "4.3"]
[White "Harutjunyan, Gevorg"]
[Black "Pruijssers, Roeland"]
[Result "0-1"]
[WhiteElo "2428"]
[BlackElo "2550"]
[Annotator "ChessBase"]
[PlyCount "74"]
[EventDate "2019.10.19"]
[EventType "swiss"]
[EventCountry "NED"]
[SourceTitle "playchess.com"]
[Source "ChessBase"]
[SourceQuality "1"]
[TimeControl "40/5400+30:1800+30"]

1. e4 {[%emt 0:00:00]} d5 {[%emt 0:00:00]} 2. exd5 {[%emt 0:00:00]} Qxd5 {[%emt 0:00:00]} 3. Nc3 {[%emt 0:00:00]} Qa5 {[%emt 0:00:00]} 4. d4 {[%emt 0:02:11]} Nf6 {[%emt 0:00:01]} 5. Nf3 {[%emt 0:00:35]} Bf5 {[%emt 0:00:06]} 6. Ne5 {[%emt 0:04:17]} c6 {[%emt 0:03:53]} 7. g4 {[%emt 0:03:37]} Be6 {[%emt 0:03:27]} 8. Nc4 {[%emt 0:12:46]} Qd8 {[%emt 0:09:15]} 9. h3 {[%emt 0:04:43]} g6 {[%emt 0:02:53]} 10. Bf4 {[%emt 0:04:37]} Bg7 {[%emt 0:16:05]} 11. Qd2 {[%emt 0:01:56]} Nbd7 {[%emt 0:00:13]} 12. Ne3 {[%emt 0:04:07]} O-O {[%emt 0:05:23]} 13. Bg2 {[%emt 0:02:24]} Nb6 {[%emt 0:08:53]} 14. O-O {[%emt 0:03:58]} h5 {[%emt 0:03:07]} 15. g5 {[%emt 0:06:19]} Nfd5 {[%emt 0:01:26]} 16. Ncxd5 {[%emt 0:05:34]} Nxd5 {[%emt 0:00:15]} 17. Nxd5 {[%emt 0:11:51]} Bxd5 {[%emt 0:00:11]} 18. Bxd5 {[%emt 0:03:16]} Qxd5 {[%emt 0:00:08]} 19. Rfe1 {[%emt 0:04:06]} Qf5 {[%emt 0:04:42]} 20. Rxe7 {[%emt 0:02:59]} Qxh3 {[%emt 0:03:29]} 21. Qe3 {[%emt 0:02:23]} Qg4+ {[%emt 0:01:10]} 22. Kh2 {[%emt 0:04:44]} Rad8 {[%emt 0:09:22]} 23. c3 {[%emt 0:00:41]} Rd5 {[%emt 0:00:28]} 24. f3 {[%emt 0:04:24]} Qc8 {[%emt 0:03:36]} 25. Re1 {[%emt 0:01:22]} a5 {[%emt 0:10:28]} 26. Rc7 {[%emt 0:02:12]} Qa8 {[%emt 0:00:03]} 27. Qd3 {[%emt 0:03:09]} Rf5 {[%emt 0:01:04]} 28. Kg3 {[%emt 0:03:26]} Qd8 {[%emt 0:10:01]} 29. Ree7 {[%emt 0:01:39]} Qd5 {[%emt 0:01:38]} 30. c4 {[%emt 0:01:11]} Rxg5+ {[%emt 0:01:00]} 31. Bxg5 {[%emt 0:00:31]} Qxg5+ {[%emt 0:00:02]} 32. Kf2 {[%emt 0:00:31]} h4 {[%emt 0:00:21]} 33. Qe3 {[%emt 0:00:28]} Qg3+ {[%emt 0:01:17]} 34. Ke2 {[%emt 0:00:02]} h3 {[%emt 0:01:30]} 35. Qf2 {[%emt 0:00:50]} Qf4 {[%emt 0:00:13]} 36. Rcd7 {[%emt 0:00:31]} h2 {[%emt 0:00:36]} 37. Qg2 {[%emt 0:00:36]} Qc1 {[%emt 0:00:37]} 0-1

[Event "23rd Hoogeveen Open 2019"]
[Site "Hoogeveen"]
[Date "2019.10.21"]
[Round "4.4"]
[White "Werle, Jan"]
[Black "Zwirs, Nico"]
[Result "1-0"]
[WhiteElo "2544"]
[BlackElo "2421"]
[Annotator "TA"]
[PlyCount "149"]
[EventDate "2019.10.19"]
[EventType "swiss"]
[EventCountry "NED"]
[SourceTitle "playchess.com"]
[Source "ChessBase"]
[SourceQuality "1"]

{[%evp 22,149,-8,-10,-7,-10,-15,-10,-3,-8,-6,-7,-10,-4,-5,-15,-12,-22,-12,-28,-22,-44,-49,-60,-36,-37,-26,-18,-37,-89,-60,-90,-14,-19,-14,-33,-23,-52,-65,-97,-91,-70,-39,-71,-16,-20,0,-19,35,37,42,29,58,8,53,0,82,34,185,178,208,205,198,200,313,296,387,387,385,385,378,365,425,323,323,316,425,425,425,425,425,425,425,425,425,425,425,425,425,425,425,425,425,425,425,425,425,425,425,425,425,0,425,270,288,188,552,531,838,883,29978,29979,29979,29980,29980,29981,29981,29982,29982,29983,29985,29986,29991,29984,29984,29985,29985,29986,29986,29987]} 1. Nf3 d5 2. c4 e6 3. g3 dxc4 4. Qa4+ Nd7 5. Qxc4 a6 6. Qc2 b5 7. Bg2 Bb7 8. O-O Ngf6 9. d3 Be7 10. b3 O-O 11. Bb2 c5 12. Nbd2 Qb6 {A13: English Opening: 1...e6} 13. Rac1 Rfd8 14. Qb1 Rac8 {The position is equal.} 15. Rfd1 (15. Qa1 Qa7 16. Rc2 Qa8 17. Rfc1 Bf8 18. a3 h6 19. Nf1 Nd5 20. N1d2 {0-1 (64) Martinez Duany,L (2547)-Gonzalez Vidal,Y (2565) Santa Clara 2019}) 15... Nb8 16. a3 Nc6 17. e3 Qa7 18. Ne1 $146 ({Predecessor:} 18. Ng5 Nb8 19. Bf1 Nbd7 20. Nge4 Bd5 {1-0 (45) Velikov,P (2445)-Bartels,H (2350) Heraklion 1992}) 18... Nd7 19. Qa1 Bf8 20. Nef3 Qa8 21. h3 a5 22. Ne4 a4 23. bxa4 Qxa4 24. Qb1 Qa8 25. h4 (25. d4 $15) 25... h6 $17 26. g4 f5 (26... Ne7 $17 27. Ned2 b4 28. axb4 cxb4) 27. gxf5 $11 exf5 28. Ng3 Nce5 29. e4 Nxf3+ 30. Bxf3 fxe4 31. Nxe4 Re8 32. Re1 Bd5 (32... Qa6 $17) 33. Re3 Kh8 34. Bg2 c4 ({Black should play} 34... Qc6 $11) 35. dxc4 $14 bxc4 36. Rd1 {Strongly threatening Ng5.} Bxe4 $1 37. Bxe4 Qa7 38. Rg3 $40 {[%mdl 128] White has some attack.} (38. Qc2 $14) 38... Ne5 (38... Rb8 $1 $11 39. Rd2 Nf6) 39. Qc1 c3 $2 ({Black should try} 39... Qb6 $1 $14) 40. Bxc3 $18 Qxa3 41. Qxa3 Bxa3 {[#]} 42. Bf5 $1 {[%cal Rf5c8]} Rc5 (42... Rxc3 {was called for.} 43. Rxc3 Rf8) 43. Kg2 Rf8 44. Bb1 Rxc3 45. Rxc3 Be7 46. h5 Ng4 47. f3 Nf6 48. Bg6 Rb8 49. Rc7 Ba3 50. Rd3 Bb2 51. Rd2 {Threatens to win with Rdc2.} Ba3 52. Rdc2 {aiming for Rc8+.} Nh7 53. Ra7 Bd6 54. Rd7 Ba3 55. f4 Nf8 56. Ra7 Bd6 57. Rc4 Kg8 58. Kf3 Nh7 59. Rd7 Ba3 60. Rdc7 Bd6 61. Rd7 Ba3 $1 62. f5 {And now Bxh7+ would win.} Bb2 63. Bf7+ Kh8 $2 {[#]} (63... Kf8 {is tougher.}) 64. Rb4 $1 {[%mdl 512]} Rf8 (64... Rxb4 65. Rd8+) 65. Rxb2 {Black must now prevent Ke3.} Rxf7 66. Rxf7 {White mates.} Ng5+ 67. Kf4 Nxf7 {[%mdl 4096] Endgame [#] KR-KN} 68. f6 $1 gxf6 69. Kf5 Kg7 70. Rb7 Kg8 71. Kxf6 Nd8 72. Rc7 Kf8 73. Rc8 {[%cal Rc8d8]} Ke8 74. Kg6 Kd7 {[#]} 75. Rxd8+ $1 {[%mdl 512] Accuracy: White = 71%, Black = 48%.} 1-0

[Event "23rd Hoogeveen Open 2019"]
[Site "Hoogeveen"]
[Date "2019.10.21"]
[Round "4.5"]
[White "Kaasen, Tor Fredrik"]
[Black "Ernst, Sipke"]
[Result "0-1"]
[WhiteElo "2415"]
[BlackElo "2523"]
[Annotator "TA"]
[PlyCount "142"]
[EventDate "2019.10.19"]
[EventType "swiss"]
[EventCountry "NED"]
[SourceTitle "playchess.com"]
[Source "ChessBase"]
[SourceQuality "1"]

{[%evp 9,142,32,31,29,46,14,23,0,0,0,8,0,0,0,9,-5,0,-9,-9,-1,-1,-7,-2,-6,-14,-47,0,-42,-37,-38,-3,-14,-17,-22,0,-60,-50,-55,-50,-54,-43,-81,-58,-65,-84,-72,-94,-87,-86,-86,-84,-85,-56,-43,-47,-95,-35,-41,-31,-38,-16,-34,-18,-89,-84,-71,-87,-79,-83,-102,-101,-127,-126,-131,-110,-110,-110,-126,-110,-110,-110,-110,-110,-110,-110,-110,0,0,0,-111,-110,-110,-110,-110,-108,-101,-95,-514,-514,-521,-521,-521,-521,-514,-507,-514,-514,-506,-506,-506,-506,-499,-464,-458,-431,-396,-345,-327,-309,-278,-278,-506,-496,-469,-416,-164,-150,-5155,-1903,-5064,-4562,-4667,-4562,-1579,-749]} 1. d4 Nf6 2. c4 e6 3. Nc3 Bb4 4. Nf3 Nc6 5. Bd2 (5. Qc2 d6 6. Bd2 Qe7 7. e3 a5 8. a3 Bxc3 9. Bxc3 e5 10. d5 Nb8 11. Nd2 O-O 12. b3 c6 13. dxc6 Nxc6 14. Bd3 Be6 15. O-O d5 16. cxd5 Bxd5 17. Rfd1 Rac8 {½-½ (17) Wagner,D (2580)-Nisipeanu,L (2670) Skopje 2019}) 5... O-O 6. e3 {E21: Nimzo-Indian: 4 Nf3} d6 7. Be2 e5 8. d5 {White has an edge.} Ne7 9. O-O a5 $146 ({Predecessor:} 9... h6 10. a3 Bxc3 11. Bxc3 Ne4 12. Rc1 Bg4 13. b4 Nxc3 14. Rxc3 {½-½ (34) Nakhbayeva,G (2307)-Harika,D (2475) Tashkent 2013}) 10. a3 Bxc3 11. Bxc3 Ne4 12. Be1 a4 13. Nd2 Nc5 14. b4 axb3 $1 15. Nxb3 Na4 16. Qc2 b6 17. f4 exf4 (17... Nf5 $5 {[%cal Rf5e3]} 18. Bf2 exf4 19. exf4 Re8 $11) 18. exf4 Nf5 {[%cal Be7f5,Bf5h4,Bh4f3][%mdl 32]} 19. Bf2 Re8 20. Bd3 Qf6 21. g4 Nh4 22. h3 (22. Bxh7+ $11 Kf8 23. h3 (23. Bd4 Qh6 $17)) 22... Qh6 23. f5 Nf3+ {[%mdl 64] Discovered Attack} 24. Kg2 Ne5 25. Be2 Bb7 26. h4 Qf6 27. g5 Qd8 28. Nd4 c6 29. dxc6 Nxc6 30. Bf3 Qd7 31. Nxc6 Bxc6 32. Bd4 Qb7 (32... Bxf3+ $17 33. Rxf3 Qc6) 33. Rad1 Nc5 34. Bxc5 dxc5 35. Qd3 Be4 36. Qd7 (36. Rfe1 $11 Bxf3+ 37. Qxf3) 36... Bxf3+ $17 37. Rxf3 {[#]} Qe4 $1 $36 {[%mdl 2112] White must now prevent ...Rxa3. Double Attack. Black is on the roll.} 38. Kg3 Qxc4 39. h5 Qe2 40. g6 Qe5+ 41. Kg2 Rf8 42. f6 gxf6 {Hoping for ...Qe2+.} 43. Rg3 Qxh5 44. Rh1 Qe2+ {[#]} 45. Kg1 $1 {[%mdl 512] White wants to mate with gxf7+.} Qe1+ {[%mdl 64] [#] Double Attack} 46. Kg2 $1 {[%mdl 512] Threatening mate with gxf7+.} Qe4+ 47. Kg1 Qe1+ {[#]} ({Reject} 47... hxg6 $6 48. Qh3 $11) (47... Qd4+ $17 48. Qxd4 cxd4 49. gxh7+ Kh8) 48. Kg2 $1 $11 {[%mdl 512] gxf7+ would kill now.} Qe4+ (48... Qe2+ $11 49. Kg1 Qe1+ {[%mdl 64] Double Attack}) 49. Kg1 $17 Qd4+ ({Don't play} 49... hxg6 $6 50. Qh3 $11) 50. Qxd4 cxd4 51. gxh7+ {[%mdl 4096] Endgame KRR-KRR} Kh8 52. Kf2 Rfd8 53. Ke2 $2 {[%mdl 8192] [#]} (53. Rd3 $17 {is a better chance.}) 53... d3+ $1 $19 {[%mdl 64] Decoy} 54. Rxd3 Rxd3 55. Kxd3 Rxa3+ {KR-KR} 56. Ke4 Ra5 57. Rh6 Re5+ 58. Kf4 Re6 59. Rh5 Rc6 60. Ke4 Rc4+ 61. Ke3 Rc5 62. Rh6 Rc6 63. Rh5 Rc7 64. Kd4 Rb7 65. Kc4 $2 {[#]} (65. Rb5 {was forced.}) 65... b5+ $1 66. Kb4 (66. Rxb5 Rxb5) 66... f5 67. Rxf5 $2 (67. Rh4 Rb6 68. Rh3) 67... Kxh7 {And now ...Kg6 would win.} 68. Kc5 $2 (68. Rf1 $17) 68... Kg6 {Black is clearly winning.} 69. Rf2 f5 70. Kc6 Rb8 71. Kc7 Re8 {Accuracy: White = 49%, Black = 81%.} (71... Rf8 $142 72. Kd6 f4) 0-1

[Event "23rd Hoogeveen Open 2019"]
[Site "Hoogeveen"]
[Date "2019.10.21"]
[Round "4.6"]
[White "Vrolijk, Liam"]
[Black "Dixit, Nikhil"]
[Result "1/2-1/2"]
[WhiteElo "2478"]
[BlackElo "2358"]
[Annotator "ChessBase"]
[PlyCount "46"]
[EventDate "2019.10.19"]
[EventType "swiss"]
[EventCountry "NED"]
[SourceTitle "playchess.com"]
[Source "ChessBase"]
[SourceQuality "1"]
[TimeControl "40/5400+30:1800+30"]

1. d4 {[%emt 0:00:00]} Nf6 {[%emt 0:02:45]} 2. c4 {[%emt 0:00:00]} g6 {[%emt 0:00:09]} 3. Nc3 {[%emt 0:00:10]} Bg7 {[%emt 0:00:02]} 4. e4 {[%emt 0:00:08]} d6 {[%emt 0:00:12]} 5. h3 {[%emt 0:00:06]} O-O {[%emt 0:00:27]} 6. Be3 {[%emt 0:00:06]} c6 {[%emt 0:02:59]} 7. Nf3 {[%emt 0:04:51]} a6 {[%emt 0:04:20]} 8. c5 {[%emt 0:03:52]} dxc5 {[%emt 0:04:01]} 9. dxc5 {[%emt 0:01:49]} Qa5 {[%emt 0:00:18]} 10. Nd2 {[%emt 0:05:41]} Nfd7 {[%emt 0:06:54]} 11. Rc1 {[%emt 0:05:25]} Rd8 {[%emt 0:06:58]} 12. Qc2 {[%emt 0:01:40]} Nf8 {[%emt 0:03:38]} 13. Nc4 {[%emt 0:04:07]} Qc7 {[%emt 0:02:35]} 14. Nb6 {[%emt 0:00:42]} Ra7 {[%emt 0:00:16]} 15. Bc4 {[%emt 0:00:50]} Bd4 {[%emt 0:07:01]} 16. Bxd4 {[%emt 0:12:19]} Rxd4 {[%emt 0:02:20]} 17. O-O {[%emt 0:05:07]} e5 {[%emt 0:14:50]} 18. Rfd1 {[%emt 0:09:45]} Be6 {[%emt 0:02:36]} 19. Rxd4 {[%emt 0:12:11]} exd4 {[%emt 0:00:37]} 20. Ne2 {[%emt 0:00:04]} Qe5 {[%emt 0:05:05]} 21. Bd3 {[%emt 0:01:53]} g5 {[%emt 0:07:30]} 22. Qa4 {[%emt 0:13:48]} Nbd7 {[%emt 0:02:55]} 23. Qxd4 {[%emt 0:06:06]} Bxa2 {[%emt 0:04:22]} 1/2-1/2

[Event "23rd Hoogeveen Open 2019"]
[Site "Hoogeveen"]
[Date "2019.10.21"]
[Round "4.7"]
[White "Gomes, Mary Ann"]
[Black "Beerdsen, Thomas"]
[Result "1/2-1/2"]
[WhiteElo "2268"]
[BlackElo "2472"]
[Annotator "ChessBase"]
[PlyCount "48"]
[EventDate "2019.10.19"]
[EventType "swiss"]
[EventCountry "NED"]
[SourceTitle "playchess.com"]
[Source "ChessBase"]
[SourceQuality "1"]
[TimeControl "40/5400+30:1800+30"]

1. Nf3 {[%emt 0:00:05]} c5 {[%emt 0:00:00]} 2. c4 {[%emt 0:00:26]} Nf6 {[%emt 0:00:48]} 3. g3 {[%emt 0:00:27]} Nc6 {[%emt 0:00:43]} 4. Bg2 {[%emt 0:00:11]} e5 {[%emt 0:01:33]} 5. Nc3 {[%emt 0:00:36]} d6 {[%emt 0:01:16]} 6. O-O {[%emt 0:00:10]} g6 {[%emt 0:03:11]} 7. a3 {[%emt 0:00:07]} Bg7 {[%emt 0:00:17]} 8. b4 {[%emt 0:07:35]} O-O {[%emt 0:04:15]} 9. b5 {[%emt 0:05:30]} Na5 {[%emt 0:05:40]} 10. d3 {[%emt 0:00:17]} e4 {[%emt 0:02:11]} 11. Ne1 {[%emt 0:06:28]} exd3 {[%emt 0:11:34]} 12. exd3 {[%emt 0:00:10]} Bg4 {[%emt 0:00:55]} 13. Qc2 {[%emt 0:09:01]} Re8 {[%emt 0:03:54]} 14. Bb2 {[%emt 0:02:42]} Bf5 {[%emt 0:06:06]} 15. Nd5 {[%emt 0:03:33]} Nxd5 {[%emt 0:03:38]} 16. Bxd5 {[%emt 0:00:17]} Qe7 {[%emt 0:05:54]} 17. Bxg7 {[%emt 0:03:22]} Kxg7 {[%emt 0:00:11]} 18. Nf3 {[%emt 0:09:30]} Qf6 {[%emt 0:00:46]} 19. Kg2 {[%emt 0:01:32]} Rad8 {[%emt 0:03:05]} 20. Rae1 {[%emt 0:03:00]} b6 {[%emt 0:01:24]} 21. Re3 {[%emt 0:00:54]} Be6 {[%emt 0:06:44]} 22. Bxe6 {[%emt 0:00:32]} Rxe6 {[%emt 0:00:52]} 23. Rfe1 {[%emt 0:01:48]} Rde8 {[%emt 0:02:47]} 24. Nd2 {[%emt 0:01:22]} h6 {[%emt 0:10:46]} 1/2-1/2